| 000 | 00462nam a22001577a 4500 | ||
|---|---|---|---|
| 082 | _aT-218 | ||
| 100 |
_aMuhammad ammar ayub _951248 |
||
| 245 | _aSeismic vulnerability assessment of reinforced concrete building with vertical setback irregularrties | ||
| 260 |
_aRisalpur, _bMCE, _c2017. |
||
| 300 | _a124p. | ||
| 526 |
_a0 _b0 _c0 _dT_218 |
||
| 526 |
_a0 _b0 _c0 _dT_218 |
||
| 650 |
_aStructure _951249 |
||
| 700 |
_aDr Muhammad Rizwan _934659 |
||
| 942 |
_2ddc _cBK |
||
| 999 |
_c553979 _d553979 |
||